|
|
|
|
| LEADER |
00000nam a2200000 4500 |
| 008 |
150914b2014 MX a|||| |||| 00| | spa d |
| 999 |
|
|
|c 2870
|d 2870
|
| 020 |
|
|
|a 9786070262166
|
| 050 |
|
|
|b http://uir-gestion.inie.ucr.ac.cr/cgi-bin/koha/cataloguing/addbiblio.pl#
|
| 090 |
|
|
|a CD # 259
|
| 100 |
1 |
|
|9 245
|a Sánchez Olvera, Alma
|
| 245 |
1 |
3 |
|a La profesión académica en la FES Acatlán: nudos y tensiones en trayectorias e itinerarios académicos /
|c Alma Sánchez Olvera; Raquel Güereca Torres
|
| 260 |
|
|
|a México :
|b Universidad Nacional Autónoma de México. Facultad de Estudios Superiores,
|c 2014
|
| 300 |
|
|
|a 167 páginas
|b 1 disco de computadora; Archivo PDF
|
| 650 |
1 |
4 |
|9 69
|a GÉNERO
|
| 650 |
1 |
4 |
|9 8
|a EDUCACIÓN SUPERIOR
|
| 650 |
1 |
4 |
|9 331
|a DOCENTES
|
| 650 |
1 |
4 |
|9 498
|a FORMACIÓN PROFESIONAL
|
| 650 |
1 |
4 |
|9 1928
|a SITUACIÓN DE LOS DOCENTES
|
| 700 |
1 |
|
|9 187
|a Güereca Torres, Raquel
|
| 942 |
|
|
|i 004061
|h CD # 259
|2 z
|c 08
|